O hospodářské trestné činnosti
Salvato in:
| Natura: | Libro |
|---|---|
| Lingua: | ceco |
| Pubblicazione: |
Praha
Panorama
1985
|
| Serie: | Praktické příručky
|
| Tags: |
Nessun Tag, puoi essere il primo ad aggiungerne!!
|
MARC
| LEADER | 00000nam a2200000 4500 | ||
|---|---|---|---|
| 001 | c104456 | ||
| 005 | 20041019155132.0 | ||
| 041 | 0 | |a cze | |
| 044 | |a CZ | ||
| 245 | 1 | 0 | |a O hospodářské trestné činnosti |
| 264 | 1 | |a Praha |b Panorama |c 1985 | |
| 300 | |a 260 s. | ||
| 490 | 1 | |a Praktické příručky | |
| 830 | 0 | |a Praktické příručky | |